| 000 | 00365pab a2200145 454500 | ||
|---|---|---|---|
| 008 | 180718b1991 xxu||||| |||| 00| 0 eng d | ||
| 100 | _aYashwantrao Chavan Maharashtra | ||
| 245 |
_aOpen University _bAn overview |
||
| 260 | _c1991 | ||
| 300 | _a1-9 | ||
| 362 | _a12 Aug. | ||
| 650 | _aColleges and Universities - India | ||
| 773 | _aUniversity News | ||
| 909 | _a6124 | ||
| 999 |
_c6124 _d6124 |
||